000 00196nam a2200085 4500
001 1255671
005 20251211111123.0
245 _aİYİLİK TİMİ
_cMETİN ÖZDAMARLAR
260 _bTİMAŞ YAYINLARI
999 _c1255671
_d1255671